000 00628nam a2200205Ia 4500
008 220216s9999 xx 000 0 und d
100 _aGerster M
245 0 _aNovel coupling agents for silica-filled rubbers with superior processing safety and improved hysteresis of the vulcanizates
260 _bTire Science and Technology
_c2010
300 _a80-98
500 _aSource Year: 2010
650 _aCoupling agents
650 _aHysteresis
650 _aMonofunctional silane
650 _aProcessing safety
650 _aSilica-filled rubber compounds
700 _aFagouri C
700 _aPeregi E
942 _cJS
999 _c64088
_d64088